| 000 | 01463cam a22004454i 4500 | ||
|---|---|---|---|
| 003 | PE-LiUPU | ||
| 005 | 20250731184524.0 | ||
| 008 | 150617s r 000 0 d | ||
| 035 | _a(Sirsi) a18814 | ||
| 040 |
_aPE-LiUPU _bspa _cPE-LiUPU _erda |
||
| 049 | _aPRUA | ||
| 082 | 0 | 4 |
_a986.61 _bV433h _223 |
| 100 | 1 |
_aVelasco, Juan de, _eautor. |
|
| 245 | 1 | 0 |
_aHistoria del reino de Quito en la América meridional : _n2 / _cJuan de Velasco. |
| 264 | 1 |
_aQuito : _bCasa de la Cultura Ecuatoriana, _c1977. |
|
| 300 |
_a445 páginas ; _c21 centímetros |
||
| 336 |
_atext _2rdacontent |
||
| 337 |
_aunmediated _2rdamedia |
||
| 338 |
_avolume _2rdacarrier |
||
| 505 | 0 | _aPrimera, y segunda época de antigüedad -- Reinado de Huaynacapac -- Reinado de Atahualpa -- Conquista del reyno de Quito, hechas por los españoles -- Providencias de la corte: nuevas conquistas de los gobernadores de Quito, y Papayan; y nuevos incendios de guerras civiles. | |
| 526 | _aP136 | ||
| 526 | _aP135 | ||
| 526 | _aP134 | ||
| 526 | _aP133 | ||
| 526 | _aP144 | ||
| 526 | _aP143 | ||
| 526 | _aP87 | ||
| 526 | _aP35 | ||
| 526 | _aP20 | ||
| 526 | _aP14 | ||
| 526 | _aP10 | ||
| 526 | _aP06 | ||
| 650 | 2 | 4 |
_aIndígenas de Ecuador _94405 |
| 651 | 1 | 4 |
_aEcuador _xDescripciones y viajes. _94402 |
| 651 | 2 | 4 |
_aEcuador _xHistoria antigua. _94403 |
| 910 | _ajck | ||
| 942 |
_2ddc _cBK |
||
| 980 |
_81 _gALBERTO SANCHEZ Responsable de Automatización |
||
| 999 |
_c18548 _d18548 |
||